000
00275nam a2200109Ia 4500
008
220204s9999 xx 000 0 und d
082
_a
330.142.211
_b
CAP
245
0
_a
Capital investment. Pt 1 & 2
260
_a
USA
_b
Harward
_c
1965
650
_a
Capital investment
942
_c
BK
999
_c
37266
_d
37266